| 000 | 00522nam a22002051c 4500 | ||
|---|---|---|---|
| 001 | a987688350 | ||
| 008 | 170926s1953 gw |||| 000u ger d | ||
| 041 | _ager | ||
| 100 | 1 | _aKlein, Fritz | |
| 245 | 0 | 4 | _aDie diplomatischen Beziehungen Deutschlands zur Sowjetunion 1917-1932 |
| 250 | _a2., durchgesehene Auflage | ||
| 264 |
_aBerlin, _c1953 |
||
| 300 | _a190 Seiten | ||
| 650 | 0 | _aAußenpolitik | |
| 651 | 0 | _aSowjetunion | |
| 651 | 0 | _aDeutschland | |
| 942 | _cMG | ||
| 040 | _cRU-10907106 | ||
| 003 | RU-10907106 | ||
| 999 |
_c27972 _d27972 |
||